00864nam a2200241 a 450000100060000000300080000600500170001400800410003103500190007204000410009104100080013208200250014010000310016524500450019626000420024130000210028350200790030450400470038365000210043094200120045199900170046395201420048070079BD-RjUL20211209081948.0170416s1945 nyu b 001 0 eng u a(BD-RjUL)70291 cCOOdNYPdOCLdBD-RjULaBD-RjULbeng aeng a916.53223bWYK 19451 aWysner, Glora May.920754314aThe Kabyle people /cby Glora M. Wysner. aNew York :bPrivately printed,c1945. a223 p. ;c22 cm. aThesis (Ph. D.)--Hartford Seminary Foundation, Kennedy School of Missions. aBibliography: p. 214-220 - Includes index. 0aKabyles.9207544 2ddccBK c70079d70079 00102ddc40718NFICaRUCLbRUCLcReadingd1966-09-28eA.I. Quarshig19.20l0o916.53 WYK 1945r2017-04-16 00:00:00tC-1w2017-04-16yBK